000 00842nam a2200229 i 4500
001 173263
003 ES-MaACL
005 20230906215207.0
008 091120s2009 sp a |||| | spa d
080 _a7 Sancho, Federico (060.64)
100 1 _aSancho, Federico.
_9141585
245 1 0 _aRetrospectiva Federico Sancho
_b: del 30 d'octubre al 29 de novembre de 2009, Museu d'Art Modern, Tarragona.
260 _aTarragona :
_bDiputació de Tarragona,
_c[2009]
300 _a[33] h. :
_bprincipalmente il. col. y n. ;
_c15 x 17 cm.
546 _aTexto en catalán y castellano.
600 1 4 _aSancho, Federico-
_vExposiciones.
_9141586
655 7 _2tgfbne
_9193628
_aCatálogos de exposiciones
710 2 _aMuseu d'Art Modern (Tarragona)
_95935
852 _aES-MaACL
_j2255-F-1
942 _2udc
999 _c173263
_d173263